000 00369nam a2200133Ia 4500
008 240624s9999 xx 000 0 und d
041 _aeng
082 _a658.8 BRY
100 _aBRYSON JOHN R
245 _aHANDBOOK OF SERVICE BUSINESS MANAGEMENT MARKETING INNOVAT
260 _c2015
_aUnited Kingdom
_bEdward Elgar
300 _axv, 448 p.; 23 cm.
365 _cBPS
_b25
999 _c32012
_d32012